000 00398pam a2200157a 44500
008 230405s2005 xxu||||| |||| 00| 0 eng d
041 _aENG
100 _aJAKKI MOHR
245 _aMARKETING OF HIGH TECHNOLOGY PRODUCTS AND INNOVATIONS
250 _a2005
260 _aNULL
_bTHOMSON DELMAR LEARNING
_c2005
300 _a195
650 _aMARKETING MANAGEMENT
690 _aMBA
906 _a4555
999 _c285366
_d285366